Welcome to CU Library Online Public Access Catalogue (OPAC)

Estimating and Costing in Civil Engineering (Record no. 8424)

MARC details
000 -LEADER
fixed length control field 00590nam a22001697a 4500
005 - DATE AND TIME OF LATEST TRANSACTION
control field 20251128160145.0
008 - FIXED-LENGTH DATA ELEMENTS--GENERAL INFORMATION
fixed length control field 251128b |||||||| |||| 00| 0 eng d
020 ## - INTERNATIONAL STANDARD BOOK NUMBER
International Standard Book Number 9788174766113
050 ## - LIBRARY OF CONGRESS CALL NUMBER
Classification number TA183
Item number .D95
100 ## - MAIN ENTRY--PERSONAL NAME
Personal name Dutta, B. N.
245 ## - TITLE STATEMENT
Title Estimating and Costing in Civil Engineering
Remainder of title theory and practice including specifications and valuation
Statement of responsibility, etc. B. N. Dutta, revised by S. Dutta
250 ## - EDITION STATEMENT
Edition statement 26th ed.
Remainder of edition statement revised
260 ## - PUBLICATION, DISTRIBUTION, ETC.
Place of publication, distribution, etc. New Delhi
Name of publisher, distributor, etc. UBS Publishers' Distributors Pvt. Limited
Date of publication, distribution, etc. 2011
300 ## - PHYSICAL DESCRIPTION
Extent xiii. 904p.
Other physical details ill.
Dimensions 24cm
700 ## - ADDED ENTRY--PERSONAL NAME
Personal name Dutta, S.
942 ## - ADDED ENTRY ELEMENTS (KOHA)
Source of classification or shelving scheme Library of Congress Classification
Koha item type Books
Edition 26th ed.
Suppress in OPAC No
999 ## -
-- 8424
-- 8424
Holdings
Withdrawn status Lost status Source of classification or shelving scheme Damaged status Not for loan Collection Home library Current library Shelving location Date acquired Total checkouts Full call number Barcode Date last seen Copy number Price effective from Koha item type
    Library of Congress Classification     Non-fiction Science Library (Miotso) Science Library (Miotso) General stacks 11/28/2025   TA183 .D95 DUT SLM00006363 11/28/2025 1 11/28/2025 Books
    Library of Congress Classification     Non-fiction Science Library (Miotso) Science Library (Miotso) General stacks 11/28/2025   TA183 .D95 DUT SLM00006364 11/28/2025 2 11/28/2025 Books
    Library of Congress Classification     Non-fiction Science Library (Miotso) Science Library (Miotso) General stacks 11/28/2025   TA183 .D95 DUT SLM00006365 11/28/2025 3 11/28/2025 Books
    Library of Congress Classification     Non-fiction Science Library (Miotso) Science Library (Miotso) General stacks 11/28/2025   TA183 .D95 DUT SLM00006366 11/28/2025 4 11/28/2025 Books
© 2023-2024 Copyright: Central University Libraries. All Rights Reserved | Created by: Mahone Tech Office